Расчеты и испытания на прочность. Классификация видов изломов металлов; Методические указания. РД 50-672-88

Podrobná bibliografie
Korporativní autor: СССР Государственный комитет по стандартам (Госстандарт)
Jazyk:ruština
Vydáno: Москва, Издательство стандартов, 1989
Edice:Руководящий документ
Témata:
Médium: MixedMaterials Kniha
KOHA link:https://koha.lib.tpu.ru/cgi-bin/koha/opac-detail.pl?biblionumber=146118

MARC

LEADER 00000nam0a2200000 4500
001 146118
005 20231031144507.0
029 1 0 |a RU  |b 50-672-88  |c РД 
035 |a (RuTPU)RU\TPU\book\158383 
035 |a RU\TPU\book\158364 
090 |a 146118 
100 |a 20081027d1989 k y0rusy50 ca 
101 0 |a rus 
102 |a RU 
105 |a a l 000zy 
200 1 |a Расчеты и испытания на прочность. Классификация видов изломов металлов  |a Методические указания. РД 50-672-88  |f СССР, Государственный комитет по стандартам (Госстандарт) 
210 |a Москва  |c Издательство стандартов  |d 1989 
215 |a 21 с.  |c ил. 
225 1 |a Руководящий документ 
229 |a Утверждены и введены в действие Постановлением Государственного комитета СССР по стандартам от 29.07.88 № 2800  |a Взамен Рекомендаций "Расчеты и испытания на прочность в машиностроении. Классификация видов поверхностей разрушения (изломов) металлов" 
610 1 |a руководящие документы 
610 1 |a РД 
610 1 |a расчеты 
610 1 |a испытание 
610 1 |a испытание на прочность 
610 1 |a классификация 
610 1 |a виды 
610 1 |a изломы 
610 1 |a металлы 
610 1 |a разрушение 
675 |a 620.1(083)  |v 3 
712 0 1 |a СССР  |b Государственный комитет по стандартам (Госстандарт)  |c (1978-1989)  |2 stltpush  |3 (RuTPU)RU\TPU\col\12454 
801 1 |a RU  |b 63413507  |c 20021122  |g PSBO 
801 2 |a RU  |b 63413507  |c 20221207  |g PSBO 
942 |c BK